| 000 | 02608nam0a2200433 4500 | ||
|---|---|---|---|
| 001 | RU\NLR\bibl\313862 | ||
| 005 | 20260406221540.0 | ||
| 010 |
_a5-93099-012-3 _91000 |
||
| 021 |
_aRU _b2002-29321 _91461 |
||
| 035 | _a(NLR Aleph) 000308961 | ||
| 090 |
_a28617 _c28617 |
||
| 100 | _a20020925d2001 |||y0rusy50 ca | ||
| 101 | 0 | _arus | |
| 102 | _aRU | ||
| 105 | _aa g ||||| | ||
| 200 | 1 |
_aИсторическая застройка Санкт-Петербурга _eПеречень вновь выявл. объектов, представляющих ист., науч., худож. или иную культур. ценность (учет. зданий) _eСправ. _fАдминистрация Санкт-Петербурга. Ком. по гос. контролю, использ. и охране памятников истории и культуры _g[К. С. Колодезникова и др. _gНауч. ред. Б.М. Кириков] |
|
| 210 |
_aСПб. _cАльт-Софт _d2001 |
||
| 215 |
_a516,[1] с. _cил. _d25 |
||
| 320 | _aУказ имен. и топогр. : с. 473-514 | ||
| 607 |
_aСанкт-Петербург, город _jСправочники _xАрхитектура _91164142 _3RU\NLR\auth\66148477 |
||
| 610 | 0 | _aАрхитектурные памятники - Справочники | |
| 610 | 0 | _aСанкт-Петербург - Архитектура - Справочники | |
| 610 | 0 | _aГорода - Исторические центры - Справочники | |
| 610 | 0 | _aСанкт-Петербург, архитектура | |
| 675 |
_a72.03(470.23-25) _v3 _zrus |
||
| 686 |
_a67.07 _2rugasnti |
||
| 686 |
_a85.113(2) _2rubbk |
||
| 686 | _aЩ113(2Р=Рус)92Петербургя2 | ||
| 702 | 1 |
_aКолодезникова _bК. С. _4220 |
|
| 702 | 1 |
_4340 _8rus _7ca _aКириков _bБ. М. _f1948- _gБорис Михайлович _3RU\NLR\auth\776391 _9116345 |
|
| 711 | 0 | 2 |
_aПетербургский комитет государственного контроля, использования и охраны памятников истории и культуры _3RU\NLR\AUTH\889976306 _9449462 |
| 801 | 0 |
_aRU _bRKP _c20020925 _gPSBO |
|
| 801 | 1 |
_aRU _bRKP _c20020925 |
|
| 801 | 2 |
_aRU _bNLR _c20050428 _grcr |
|
| 942 | _cBOOK | ||
| 980 | _aNB | ||
| 981 | 4 | 3 |
_a(43) Тематическая подборка Санкт-Петербург _b(43) Градостроительство и архитектура |
| 981 | 4 | 3 |
_a(43) Тематическая подборка Санкт-Петербург _b(43) Архитектура |